000 00701nam a2200205Ia 4500
005 20250610161825.0
008 008 250516s9999 xx 000 0 eng d
020 _a9781009453639
040 _beng
_cSDCL
041 _aeng
_2eng
084 _aW643 R4
245 0 _aClaiming the people's past :
_bPopulist politics of history in the twenty-first century
260 _aNew Delhi :
_bCambridge University Press,
_c2024.
300 _axiv, 343p.
490 _aMetamorphoses of the political : Multidisciplinary approaches
650 _aPolitical Science
_9812506
700 _aBevernage, Berber Ed.
_9812507
700 _aMestdagh, Eline Ed.Ramalho, Walderez Ed.
_9812508
942 _cTEXL
_2CC
999 _c1430087
_d1430087